AU LIBRARIES
Centralized Library System Across Seven Campuses

New System of Financial Control and Budgeting (Record no. 47257)

MARC details
000 -LEADER
fixed length control field 00432nam a22001577a 4500
005 - DATE AND TIME OF LATEST TRANSACTION
control field 20260408130408.0
008 - FIXED-LENGTH DATA ELEMENTS--GENERAL INFORMATION
fixed length control field 260408b |||||||| |||| 00| 0 eng d
082 ## - DEWEY DECIMAL CLASSIFICATION NUMBER
Classification number 351.72
Author Mark NEW-G
100 ## - MAIN ENTRY--AUTHOR
Author Name New System of Finance
245 ## - TITLE STATEMENT
Title New System of Financial Control and Budgeting
260 ## - PUBLICATION, DISTRIBUTION, ETC.
Place of Publication Islamabad
Name of publisher, distributor, etc. Finance Division
Date of publication, distribution, etc. 2000
300 ## - PHYSICAL DESCRIPTION
Pages 49 p.
500 ## - GENERAL NOTE
General note Gifted by Dr.Salman Hassan
650 ## - SUBJECT ADDED ENTRY--TOPICAL TERM
Subject / Department Accounting
942 ## - ADDED ENTRY ELEMENTS (KOHA)
Koha item type Book
Holdings
Withdrawn status Lost status Damaged status Not for loan Collection code Permanent Location Current Location Shelving Location Date acquired Total Checkouts Full Call Number Accession No./Barcode Date last seen Koha item type
        Accounting Air University H-11 Campus Islamabad Air University H-11 Campus Islamabad Accounting 04/08/2026   351.72 NEW-G AUHEG0027 04/08/2026 Book
Air University Sector E-9, Islamabad Pakistan
Email: librarian@au.edu.pk  Tel : +0092 51 9262612 Ext: 631